| 000 | 00554nam a22001937a 4500 | ||
|---|---|---|---|
| 003 | DO-SdBNP | ||
| 005 | 20211104095350.0 | ||
| 007 | ta | ||
| 008 | 211104b2012 dr a|||| |||| 00| 0 eng d | ||
| 040 |
_aDO-SdBNP _bspa _cBNPHU |
||
| 082 | 4 | _222 | |
| 100 |
_961723 _aEchavarría, Rubén, _d1936-2010 |
||
| 245 | 1 | 0 |
_aReflexiones : _bantología literaria / _cRubén Echavarría |
| 260 |
_aSanto Domingo : _bs.n., _c2012. |
||
| 300 |
_a342 p. : _bil. ; _c26 cm. |
||
| 500 | _aIncluye sus cuentos premiados | ||
| 590 | _aInventariado, 2021/BT | ||
| 942 |
_2ddc _cLBS1 |
||
| 999 |
_c50872 _d50872 |
||